| Tag |
First Indicator |
Second Indicator |
Subfields |
| LEADER |
00000cam a2200000 a 4500 |
| 001 |
in00000017818 |
| 005 |
20220103134442.0 |
| 007 |
cr unu a |
| 008 |
880629s1986 xx a b 00010 eng d |
| 035 |
|
|
|9 AAB1936AM
|
| 035 |
|
|
|a (OCoLC)18149987
|
| 040 |
|
|
|a TXA
|c TXA
|d UtOrBLW
|
| 049 |
|
|
|a TXAZ [Also in] [Archives]
|c 1 [A10984449], 2 [A10984499]
|
| 099 |
|
|
|a 1986
|a Thesis
|a K74
|
| 100 |
1 |
|
|a Ko, Sung-Ho,
|d 1961-
|
| 245 |
1 |
0 |
|a Numerical simulation of geometry effects for concentric-rotor labyrinth seals /
|c by Sung-Ho Ko.
|
| 264 |
|
1 |
|a 1986.
|b [publisher not identified] ;
|c [date of publication not identified]
|
| 300 |
|
|
|a xi, 64 leaves :
|b illustrations ;
|c 29 cm.
|
| 336 |
|
|
|a text
|b txt
|2 rdacontent
|
| 337 |
|
|
|a computer
|b c
|2 rdamedia
|
| 338 |
|
|
|a online resource
|b cr
|2 rdacarrier
|
| 500 |
|
|
|a "Major subject: Mechanical Engineering."
|
| 500 |
|
|
|a Typescript (photocopy).
|
| 500 |
|
|
|a Vita.
|
| 502 |
|
|
|b M.S.
|c Texas A&M University
|d 1986.
|
| 504 |
|
|
|a Bibliography: leaves 62-63.
|
| 530 |
|
|
|a Also available online.
|
| 650 |
|
0 |
|a Fluid dynamic measurements.
|
| 650 |
|
0 |
|a Impellers
|x Dynamics.
|
| 650 |
|
4 |
|a Major mechanical engineering.
|
| 856 |
4 |
1 |
|u https://hdl.handle.net/1969.1/ETD-TAMU-1986-THESIS-K74
|z Link to OAKTrust copy
|t 0
|
| 999 |
|
|
|a MARS
|
| 999 |
f |
f |
|s 14dbd4e4-4182-3c48-9c67-4163c594b62a
|i f9c5906a-f6b6-3de9-8afd-69afc6e47bb5
|t 0
|
| 952 |
f |
f |
|p noncirc
|a Texas A&M University
|b J.J. Pickle Campus
|c High Density Repository
|s HDR
|d Remote Storage
|t 0
|e 1986 Thesis K74
|h Other scheme
|i computer -- online resource
|m A14839620541
|
| 952 |
f |
f |
|a Texas A&M University
|b College Station
|c Electronic Resources
|s www_evans
|d Available Online
|t 0
|e 1986 Thesis K74
|h Other scheme
|
| 998 |
f |
f |
|a 1986 Thesis K74
|t 0
|l Available Online
|
| 998 |
f |
f |
|a 1986 Thesis K74
|t 0
|l Remote Storage
|